000 01085nam a2200337 a 4500
999 _c141800
_d141800
001 vtls000740033
003 PNM
005 20180728145912.0
008 140423t20132013si a j 000 1dchi d
020 _a9789810761264
_cRM21.50
_qpaperback
040 _aPNM
_bchi
_cPNM
_erda
_dPPAK
082 0 4 _a495.186
_223
090 1 0 _a495.186
_bMOS
_dK
100 1 _aMo, Sili
_eauthor
245 1 0 _aCheng yu zhen tan Y dang an /
_cXu Rongzhe, zong ce hua ; Mosili wen ; Juzi tu
250 _aChu ban.
264 _aSingapore :
_bLing zi chuan mei,
_c2013
264 4 _c©2013
300 _a94 pages :
_bcolour illustrations ;
_c21cm
336 _2rdacontent
_atext
337 _2rdamedia
_aunmediated
338 _2rdacarrier
_avolume
490 1 _aXu Rongzhe cheng yu xue yuan ;
_v02
650 1 0 _aChinese language
_xIdioms
_vJuvenile literature
650 2 0 _aChinese language
_xReaders
_vJuvenile fiction
650 2 0 _aChildren's stories, Chinese
700 1 _aXu, Rongzhe
_eauthor
700 0 _aJuzi
_eillustrator
830 0 _aXu Rongzhe cheng yu xue yuan ;
_v02
942 _2ddc
_cB